[Event "DEM U12 2020"]
[Site "Willingen GER"]
[Date "2020.10.30"]
[Round "5"]
[White "Payyappat, Sreyas"]
[Black "Kempe, Caius Emilian"]
[Result "1-0"]
[Termination "normal"]
[Board "1"]
[WhiteElo "2144"]
[BlackElo "1840"]
[WhiteClock "00:15:31"]
[BlackClock "00:35:31"]
[PlyCount "59"]
[WhiteFideId "46674969"]
[BlackFideId "16246861"]
[EventCountry "GER"]
[EventRounds "7"]
[EventType "swiss"]
[EventDate "2020.10.26"]

1. e4 {[%clk 1:30:52]} e6 {[%clk 1:30:46]} 2. d4 {[%clk 1:31:08]} d5 {[%clk
1:31:07]} 3. Nc3 {[%clk 1:31:25]} Nf6 {[%clk 1:31:29]} 4. Bg5 {[%clk 1:31:38]}
Bb4 {[%clk 1:31:47]} 5. e5 {[%clk 1:31:54]} h6 {[%clk 1:32:06]} 6. Be3 {[%clk
1:32:18]} Ne4 {[%clk 1:30:35]} 7. Qg4 {[%clk 1:32:35]} Kf8 {[%clk 1:25:33]} 8.
a3 {[%clk 1:32:15]} Bxc3+ {[%clk 1:24:14]} 9. bxc3 {[%clk 1:32:39]} c5 {[%clk
1:22:33]} 10. Ne2 {[%clk 1:20:13]} Qb6 {[%clk 1:19:40]} 11. f3 {[%clk 0:35:27]}
Qb2 {[%clk 1:15:03]} 12. fxe4 {[%clk 0:35:31]} Qxa1+ {[%clk 1:15:22]} 13. Kd2
{[%clk 0:35:41]} Nc6 {[%clk 1:09:03]} 14. g3 {[%clk 0:32:53]} Qxa3 {[%clk
1:07:45]} 15. Bh3 {[%clk 0:29:23]} Na5 {[%clk 1:02:35]} 16. Ke1 {[%clk
0:26:43]} cxd4 {[%clk 1:00:07]} 17. Bc1 {[%clk 0:26:02]} Qc5 {[%clk 0:59:04]}
18. Rf1 {[%clk 0:25:29]} Nc6 {[%clk 0:53:57]} 19. Qh5 {[%clk 0:22:58]} Nd8
{[%clk 0:48:26]} 20. Bg5 {[%clk 0:21:47]} hxg5 {[%clk 0:44:00]} 21. Qxh8+
{[%clk 0:22:06]} Ke7 {[%clk 0:44:21]} 22. Qxg7 {[%clk 0:20:49]} dxc3 {[%clk
0:43:26]} 23. exd5 {[%clk 0:15:22]} Qxd5 {[%clk 0:43:09]} 24. Qxg5+ {[%clk
0:15:22]} Kd7 {[%clk 0:43:03]} 25. Nxc3 {[%clk 0:15:16]} Qc4 {[%clk 0:41:46]}
26. Rf3 {[%clk 0:14:57]} Kc7 {[%clk 0:36:09]} 27. Qe7+ {[%clk 0:14:55]} Bd7
{[%clk 0:36:09]} 28. Rd3 {[%clk 0:15:12]} Qc6 {[%clk 0:35:17]} 29. Bg2 {[%clk
0:15:31]} Qxg2 {[%clk 0:35:31]} 30. Qd6+ 1-0

[Event "DEM U12 2020"]
[Site "Willingen GER"]
[Date "2020.10.30"]
[Round "5"]
[White "von Mettenheim, Johannes"]
[Black "Berresheim, Nils"]
[Result "1-0"]
[Termination "normal"]
[Board "3"]
[WhiteElo "1995"]
[BlackElo "1534"]
[WhiteClock "01:12:09"]
[BlackClock "00:28:56"]
[PlyCount "61"]
[WhiteFideId "16244818"]
[BlackFideId "16246306"]
[EventCountry "GER"]
[EventRounds "7"]
[EventType "swiss"]
[EventDate "2020.10.26"]

1. d4 {[%clk 1:30:55]} Nf6 {[%clk 1:30:51]} 2. c4 {[%clk 1:31:21]} e6 {[%clk
1:31:05]} 3. Nf3 {[%clk 1:31:37]} d5 {[%clk 1:30:42]} 4. g3 {[%clk 1:31:58]}
Be7 {[%clk 1:30:09]} 5. Bg2 {[%clk 1:32:22]} O-O {[%clk 1:30:03]} 6. O-O {[%clk
1:32:48]} Nbd7 {[%clk 1:28:06]} 7. Qc2 {[%clk 1:32:54]} c6 {[%clk 1:27:34]} 8.
Nbd2 {[%clk 1:33:20]} Qc7 {[%clk 1:26:06]} 9. e4 {[%clk 1:33:31]} dxe4 {[%clk
1:24:32]} 10. Nxe4 {[%clk 1:33:39]} e5 {[%clk 1:23:10]} 11. dxe5 {[%clk
1:31:16]} Nxe5 {[%clk 1:23:21]} 12. Bf4 {[%clk 1:31:03]} Nxf3+ {[%clk 1:22:25]}
13. Bxf3 {[%clk 1:31:27]} Qa5 {[%clk 1:22:06]} 14. a3 {[%clk 1:24:31]} Qb6
{[%clk 1:13:42]} 15. c5 {[%clk 1:21:44]} Qa6 {[%clk 1:09:51]} 16. Be2 {[%clk
1:16:43]} b5 {[%clk 1:05:17]} 17. a4 {[%clk 1:13:52]} Nxe4 {[%clk 0:59:24]} 18.
axb5 {[%clk 1:13:56]} Qb7 {[%clk 0:59:33]} 19. Qxe4 {[%clk 1:14:09]} cxb5
{[%clk 0:59:14]} 20. c6 {[%clk 1:13:54]} Qb6 {[%clk 0:59:12]} 21. Qxe7 {[%clk
1:14:16]} Bh3 {[%clk 0:47:36]} 22. Rfc1 {[%clk 1:13:34]} Rfe8 {[%clk 0:45:47]}
23. Qb7 {[%clk 1:12:56]} Qd4 {[%clk 0:39:28]} 24. c7 {[%clk 1:13:09]} Qxb2
{[%clk 0:33:00]} 25. Bf1 {[%clk 1:12:15]} Bf5 {[%clk 0:31:39]} 26. Qxb5 {[%clk
1:12:19]} Qf6 {[%clk 0:30:56]} 27. Rxa7 {[%clk 1:12:39]} Qe6 {[%clk 0:29:27]}
28. Rxa8 {[%clk 1:12:33]} Rxa8 29. Qb8+ {[%clk 1:11:53]} Qe8 {[%clk 0:28:57]}
30. c8=Q {[%clk 1:11:44]} Rxb8 {[%clk 0:28:56]} 31. Qxb8 {[%clk 1:12:09]} 1-0

[Event "DEM U12 2020"]
[Site "Willingen GER"]
[Date "2020.10.30"]
[Round "5"]
[White "Sommer, Justus"]
[Black "Grabs, Peter"]
[Result "1/2-1/2"]
[Termination "normal"]
[Board "12"]
[WhiteElo "1845"]
[BlackElo "1674"]
[WhiteClock "00:59:43"]
[BlackClock "00:24:26"]
[PlyCount "126"]
[WhiteFideId "16245008"]
[BlackFideId "16203887"]
[EventCountry "GER"]
[EventRounds "7"]
[EventType "swiss"]
[EventDate "2020.10.26"]

1. e4 {[%clk 1:30:23]} e6 {[%clk 1:30:58]} 2. d4 {[%clk 1:30:45]} d5 {[%clk
1:31:26]} 3. Nc3 {[%clk 1:31:07]} Bb4 {[%clk 1:31:53]} 4. Nge2 {[%clk 1:31:24]}
Nf6 {[%clk 1:29:02]} 5. a3 {[%clk 1:30:45]} Bxc3+ {[%clk 1:26:31]} 6. Nxc3
{[%clk 1:31:03]} dxe4 {[%clk 1:26:20]} 7. Bg5 {[%clk 1:30:47]} Nc6 {[%clk
1:25:13]} 8. Bb5 {[%clk 1:29:55]} Bd7 {[%clk 1:24:53]} 9. Nxe4 {[%clk 1:28:57]}
h6 {[%clk 1:14:25]} 10. Nxf6+ {[%clk 1:24:08]} gxf6 {[%clk 1:14:43]} 11. Be3
{[%clk 1:23:35]} Ne7 {[%clk 1:13:07]} 12. Bxd7+ {[%clk 1:18:19]} Qxd7 {[%clk
1:12:43]} 13. Qf3 {[%clk 1:18:33]} Nd5 {[%clk 1:11:13]} 14. c4 {[%clk 1:18:25]}
Nxe3 {[%clk 1:08:33]} 15. fxe3 {[%clk 1:18:46]} O-O-O {[%clk 1:08:43]} 16. Qxf6
{[%clk 1:15:45]} Qc6 {[%clk 1:05:34]} 17. c5 {[%clk 1:14:46]} Qxg2 {[%clk
1:05:02]} 18. O-O-O {[%clk 1:14:47]} Qg5 {[%clk 0:59:16]} 19. Qxf7 {[%clk
1:12:00]} Qxe3+ {[%clk 0:59:10]} 20. Kb1 {[%clk 1:12:23]} Qe4+ {[%clk 0:57:15]}
21. Ka2 {[%clk 1:11:30]} Rxd4 {[%clk 0:49:44]} 22. Rxd4 {[%clk 1:11:27]} Qxd4
{[%clk 0:49:33]} 23. Qxe6+ {[%clk 1:11:46]} Qd7 {[%clk 0:48:37]} 24. Qc4 {[%clk
1:10:16]} Re8 {[%clk 0:46:32]} 25. Ka1 {[%clk 1:08:15]} Qe6 {[%clk 0:44:23]}
26. Qc3 {[%clk 1:03:39]} Qe5 {[%clk 0:42:27]} 27. Qh3+ {[%clk 1:02:59]} Qe6
{[%clk 0:42:12]} 28. Qg3 {[%clk 1:02:35]} Qe5 {[%clk 0:39:59]} 29. Qg6 {[%clk
1:02:32]} Qe6 {[%clk 0:36:23]} 30. Rg1 {[%clk 1:02:28]} Qxg6 {[%clk 0:32:51]}
31. Rxg6 {[%clk 1:02:35]} h5 {[%clk 0:33:17]} 32. Rg5 {[%clk 1:02:45]} h4
{[%clk 0:31:26]} 33. Rg4 {[%clk 1:03:04]} h3 {[%clk 0:29:51]} 34. Rg3 {[%clk
1:03:11]} Rh8 {[%clk 0:30:01]} 35. Kb1 {[%clk 1:02:41]} Kd7 {[%clk 0:29:59]}
36. Kc2 {[%clk 1:02:54]} Kc6 {[%clk 0:29:09]} 37. b4 {[%clk 1:02:55]} a5 {[%clk
0:24:17]} 38. Kb3 {[%clk 0:57:43]} axb4 {[%clk 0:23:50]} 39. axb4 {[%clk
0:58:05]} Rh4 {[%clk 0:21:59]} 40. Ka4 {[%clk 0:55:21]} b6 {[%clk 0:16:30]} 41.
Rg6+ {[%clk 0:52:54]} Kb7 {[%clk 0:15:44]} 42. Kb5 {[%clk 0:50:40]} Rh5 {[%clk
0:14:42]} 43. Rf6 {[%clk 0:45:47]} bxc5 {[%clk 0:12:18]} 44. bxc5 {[%clk
0:45:22]} Re5 {[%clk 0:11:45]} 45. Rh6 {[%clk 0:42:08]} Re3 {[%clk 0:11:27]}
46. c6+ {[%clk 0:41:12]} Ka7 {[%clk 0:11:10]} 47. Rh7 {[%clk 0:41:09]} Re5+
{[%clk 0:11:07]} 48. Kc4 {[%clk 0:40:52]} Kb6 {[%clk 0:11:16]} 49. Rxh3 {[%clk
0:41:01]} Rc5+ {[%clk 0:10:35]} 50. Kd4 {[%clk 0:41:02]} Rxc6 {[%clk 0:10:36]}
51. Rb3+ {[%clk 0:41:00]} Ka5 {[%clk 0:09:48]} 52. h3 {[%clk 0:37:16]} Rh6
{[%clk 0:08:03]} 53. Kc5 {[%clk 0:37:02]} Ka4 {[%clk 0:07:47]} 54. Rd3 {[%clk
0:37:03]} Rh5+ {[%clk 0:29:26]} 55. Kc6 {[%clk 1:07:30]} Kb4 {[%clk 0:28:37]}
56. Kxc7 {[%clk 1:05:58]} Kc4 {[%clk 0:28:51]} 57. Ra3 {[%clk 1:05:14]} Kd4
{[%clk 0:28:51]} 58. Kd6 {[%clk 1:05:25]} Ke4 {[%clk 0:28:46]} 59. Ke6 {[%clk
1:05:36]} Kf4 {[%clk 0:28:38]} 60. Kf6 {[%clk 1:05:44]} Rh6+ {[%clk 0:27:37]}
61. Kg7 {[%clk 1:06:00]} Rh4 {[%clk 0:25:24]} 62. Kg6 {[%clk 1:01:34]} Rh8
{[%clk 0:24:52]} 63. Ra4+ {[%clk 0:59:43]} Kg3 {[%clk 0:24:26]} 1/2-1/2

[Event "DEM U12 2020"]
[Site "Willingen GER"]
[Date "2020.10.30"]
[Round "6"]
[White "Nitsche, Nikolai"]
[Black "Payyappat, Sreyas"]
[Result "0-1"]
[Termination "normal"]
[Board "1"]
[WhiteElo "1721"]
[BlackElo "2144"]
[WhiteClock "00:18:21"]
[BlackClock "00:42:09"]
[PlyCount "60"]
[WhiteFideId "16221036"]
[BlackFideId "46674969"]
[EventCountry "GER"]
[EventRounds "7"]
[EventType "swiss"]
[EventDate "2020.10.26"]

1. g3 {[%clk 1:30:33]} Nf6 {[%clk 1:30:46]} 2. Bg2 {[%clk 1:30:50]} c5 {[%clk
1:30:52]} 3. Nf3 {[%clk 1:30:57]} Nc6 {[%clk 1:30:58]} 4. O-O {[%clk 1:30:23]}
g6 {[%clk 1:31:09]} 5. d3 {[%clk 1:30:06]} Bg7 {[%clk 1:30:57]} 6. c4 {[%clk
1:30:07]} d6 {[%clk 1:30:07]} 7. Nc3 {[%clk 1:29:31]} O-O {[%clk 1:29:43]} 8.
e4 {[%clk 1:27:10]} Ng4 {[%clk 1:25:47]} 9. h3 {[%clk 1:15:41]} Nge5 {[%clk
1:25:32]} 10. Ne1 {[%clk 1:15:50]} Nd4 {[%clk 1:25:23]} 11. f4 {[%clk 1:13:57]}
Nec6 {[%clk 1:25:36]} 12. Be3 {[%clk 1:12:23]} f5 {[%clk 1:25:10]} 13. Nf3
{[%clk 1:02:23]} a6 {[%clk 1:21:41]} 14. Qd2 {[%clk 0:58:53]} Rb8 {[%clk
1:15:35]} 15. Ne2 {[%clk 0:54:38]} b5 {[%clk 1:14:16]} 16. Nfxd4 {[%clk
0:54:50]} Nxd4 {[%clk 1:11:19]} 17. cxb5 {[%clk 0:49:46]} Rxb5 {[%clk 1:08:36]}
18. Rab1 {[%clk 0:49:13]} Qa5 {[%clk 1:08:00]} 19. Nc3 {[%clk 0:48:03]} Rb8
{[%clk 1:06:24]} 20. b4 {[%clk 0:39:06]} cxb4 {[%clk 1:02:37]} 21. Nd5 {[%clk
0:39:23]} e6 {[%clk 1:01:25]} 22. Rxb4 {[%clk 0:31:56]} Bb7 {[%clk 0:58:11]}
23. Rfb1 {[%clk 0:25:46]} Nb5 {[%clk 0:50:23]} 24. Rxb5 {[%clk 0:24:56]} Qxd2
{[%clk 0:50:33]} 25. Bxd2 {[%clk 0:25:10]} axb5 {[%clk 0:50:50]} 26. Nc7 {[%clk
0:22:53]} Bd4+ {[%clk 0:47:47]} 27. Kh2 {[%clk 0:22:52]} Bb6 {[%clk 0:47:38]}
28. Nxb5 {[%clk 0:21:34]} Ba6 {[%clk 0:47:39]} 29. a4 {[%clk 0:20:47]} Rfc8
{[%clk 0:42:09]} 30. exf5 {[%clk 0:18:21]} Rc2 0-1

[Event "DEM U12 2020"]
[Site "Willingen GER"]
[Date "2020.10.30"]
[Round "6"]
[White "Hoppstädter, Daniel"]
[Black "von Mettenheim, Johannes"]
[Result "1-0"]
[Termination "normal"]
[Board "2"]
[WhiteElo "1712"]
[BlackElo "1995"]
[WhiteClock "00:46:29"]
[BlackClock "00:04:55"]
[PlyCount "51"]
[WhiteFideId "16243625"]
[BlackFideId "16244818"]
[EventCountry "GER"]
[EventRounds "7"]
[EventType "swiss"]
[EventDate "2020.10.26"]

1. d4 {[%clk 1:30:56]} Nf6 {[%clk 1:30:51]} 2. Nf3 {[%clk 1:31:17]} e6 {[%clk
1:31:17]} 3. Bg5 {[%clk 1:31:39]} h6 {[%clk 1:30:57]} 4. Bxf6 {[%clk 1:31:17]}
Qxf6 {[%clk 1:28:53]} 5. e4 {[%clk 1:29:55]} c5 {[%clk 1:28:26]} 6. c3 {[%clk
1:29:30]} cxd4 {[%clk 1:08:27]} 7. cxd4 {[%clk 1:29:39]} b6 {[%clk 1:08:07]} 8.
Nc3 {[%clk 1:26:49]} Bb7 {[%clk 1:07:26]} 9. Bd3 {[%clk 1:12:29]} Nc6 {[%clk
0:51:11]} 10. O-O {[%clk 1:10:06]} Nxd4 {[%clk 0:43:29]} 11. Nxd4 {[%clk
1:08:33]} Qxd4 {[%clk 0:43:32]} 12. Nb5 {[%clk 1:08:26]} Qe5 {[%clk 0:43:44]}
13. f4 {[%clk 1:07:27]} Qb8 {[%clk 0:43:33]} 14. Rc1 {[%clk 1:07:16]} Bc6
{[%clk 0:43:06]} 15. f5 {[%clk 1:06:29]} Bc5+ {[%clk 0:40:24]} 16. Kh1 {[%clk
1:02:56]} a6 {[%clk 0:37:59]} 17. Na3 {[%clk 0:57:27]} O-O {[%clk 0:23:01]} 18.
f6 {[%clk 0:56:59]} Bd4 {[%clk 0:22:10]} 19. Qg4 {[%clk 0:50:49]} g6 {[%clk
0:21:25]} 20. Nc4 {[%clk 0:49:12]} e5 {[%clk 0:17:00]} 21. Rf3 {[%clk 0:47:23]}
Re8 {[%clk 0:12:48]} 22. Qh4 {[%clk 0:45:26]} Kh7 {[%clk 0:05:30]} 23. Rh3
{[%clk 0:45:29]} h5 {[%clk 0:05:13]} 24. Qg5 {[%clk 0:45:53]} Re6 {[%clk
0:04:56]} 25. Rxh5+ {[%clk 0:46:09]} Kg8 {[%clk 0:04:55]} 26. Rh8+ {[%clk
0:46:29]} 1-0

[Event "DEM U12 2020"]
[Site "Willingen GER"]
[Date "2020.10.30"]
[Round "6"]
[White "Haubold, Sebastian Marcel"]
[Black "Kempe, Caius Emilian"]
[Result "0-1"]
[Termination "normal"]
[Board "3"]
[WhiteElo "1769"]
[BlackElo "1840"]
[WhiteClock "00:01:21"]
[BlackClock "00:01:44"]
[PlyCount "72"]
[WhiteFideId "16259637"]
[BlackFideId "16246861"]
[EventCountry "GER"]
[EventRounds "7"]
[EventType "swiss"]
[EventDate "2020.10.26"]

1. e4 e6 2. d4 d5 3. Nd2 c5 4. exd5 cxd4 5. Ngf3 Qxd5 6. Bc4 Qd6 7. O-O Nf6 8.
Nb3 Nc6 9. Nbxd4 {[%clk 1:31:54]} Nxd4 {[%clk 1:33:30]} 10. Nxd4 {[%clk
1:32:11]} a6 {[%clk 1:33:42]} 11. Bb3 {[%clk 1:29:33]} Qc7 {[%clk 1:33:11]} 12.
Qf3 {[%clk 1:26:05]} Bd6 {[%clk 1:30:10]} 13. h3 {[%clk 1:20:03]} O-O {[%clk
1:28:43]} 14. Bg5 {[%clk 1:18:19]} Nd7 {[%clk 1:24:44]} 15. Rad1 {[%clk
1:13:34]} b5 {[%clk 1:15:06]} 16. Qe3 {[%clk 0:57:01]} Nc5 {[%clk 1:13:02]} 17.
c3 {[%clk 0:41:56]} Nxb3 {[%clk 0:55:51]} 18. axb3 {[%clk 0:41:43]} Bb7 {[%clk
0:49:31]} 19. Kh1 {[%clk 0:33:48]} Rfe8 {[%clk 0:48:27]} 20. Rfe1 {[%clk
0:30:11]} f6 {[%clk 0:44:39]} 21. Bh4 {[%clk 0:28:20]} e5 {[%clk 0:43:28]} 22.
Nf5 {[%clk 0:27:52]} Bf8 {[%clk 0:43:40]} 23. Qg3 {[%clk 0:27:10]} Kh8 {[%clk
0:42:57]} 24. Qg4 {[%clk 0:17:27]} Rad8 {[%clk 0:41:27]} 25. Rxd8 {[%clk
0:17:47]} Rxd8 {[%clk 0:41:21]} 26. Re3 {[%clk 0:17:36]} Bd5 {[%clk 0:33:49]}
27. b4 {[%clk 0:08:18]} Bc4 {[%clk 0:27:18]} 28. Rg3 {[%clk 0:08:09]} Rd2
{[%clk 0:18:08]} 29. Qf3 {[%clk 0:06:02]} g5 {[%clk 0:12:00]} 30. Qa8 {[%clk
0:04:35]} Qd8 {[%clk 0:10:07]} 31. Bxg5 {[%clk 0:03:22]} fxg5 {[%clk 0:06:46]}
32. Qxa6 {[%clk 0:03:27]} Rxf2 {[%clk 0:05:46]} 33. Ne3 {[%clk 0:02:24]} Bd3
{[%clk 0:02:30]} 34. Qe6 {[%clk 0:01:15]} e4 {[%clk 0:02:01]} 35. Nf5 {[%clk
0:00:57]} Rf1+ {[%clk 0:01:35]} 36. Kh2 {[%clk 0:01:21]} Rxf5 {[%clk 0:01:44]}
0-1

[Event "DEM U12 2020"]
[Site "Willingen GER"]
[Date "2020.10.30"]
[Round "6"]
[White "Schwarz, David"]
[Black "Sommer, Justus"]
[Result "0-1"]
[Termination "normal"]
[Board "15"]
[WhiteElo "1200"]
[BlackElo "1845"]
[WhiteClock "00:34:14"]
[BlackClock "01:04:44"]
[PlyCount "62"]
[WhiteFideId "16287614"]
[BlackFideId "16245008"]
[EventCountry "GER"]
[EventRounds "7"]
[EventType "swiss"]
[EventDate "2020.10.26"]

1. e4 {[%clk 1:30:52]} e5 {[%clk 1:30:42]} 2. Nf3 {[%clk 1:31:03]} Nc6 {[%clk
1:31:04]} 3. Bb5 {[%clk 1:31:14]} a6 {[%clk 1:31:26]} 4. Ba4 {[%clk 1:31:31]}
Nf6 {[%clk 1:31:26]} 5. O-O {[%clk 1:31:22]} Be7 {[%clk 1:31:34]} 6. d3 {[%clk
1:31:17]} b5 {[%clk 1:31:47]} 7. Bb3 {[%clk 1:31:33]} d6 {[%clk 1:32:05]} 8. a3
{[%clk 1:31:19]} Na5 {[%clk 1:32:03]} 9. Ba2 {[%clk 1:31:29]} c5 {[%clk
1:32:18]} 10. c3 {[%clk 1:26:07]} O-O {[%clk 1:30:50]} 11. b4 {[%clk 1:25:03]}
Nc6 {[%clk 1:30:16]} 12. Bg5 {[%clk 1:21:35]} Bg4 {[%clk 1:27:14]} 13. Bxf6
{[%clk 1:19:03]} Bxf6 {[%clk 1:27:03]} 14. Bd5 {[%clk 1:19:13]} Rc8 {[%clk
1:26:52]} 15. h3 {[%clk 1:16:09]} Bh5 {[%clk 1:24:56]} 16. Nbd2 {[%clk
1:10:25]} Bg5 {[%clk 1:17:53]} 17. g4 {[%clk 1:08:06]} Bg6 {[%clk 1:15:37]} 18.
Kg2 {[%clk 1:04:59]} Bf4 {[%clk 1:12:10]} 19. Bxc6 {[%clk 1:00:02]} Rxc6 {[%clk
1:11:18]} 20. Rc1 {[%clk 0:49:52]} d5 {[%clk 1:09:35]} 21. Kg1 {[%clk 0:45:14]}
dxe4 {[%clk 1:06:19]} 22. dxe4 {[%clk 0:40:58]} cxb4 {[%clk 1:05:29]} 23. axb4
{[%clk 0:39:48]} Rd6 {[%clk 1:05:20]} 24. Rc2 {[%clk 0:37:48]} Bxe4 {[%clk
1:04:30]} 25. Ra2 {[%clk 0:36:24]} Bxf3 {[%clk 1:04:50]} 26. Qxf3 {[%clk
0:36:48]} Bxd2 {[%clk 1:04:38]} 27. Rfa1 {[%clk 0:36:00]} Rd3 {[%clk 1:04:38]}
28. Qe2 {[%clk 0:34:21]} Bxc3 {[%clk 1:04:02]} 29. Ra3 {[%clk 0:33:43]} Bxa1
{[%clk 1:04:21]} 30. Rxd3 {[%clk 0:34:10]} Bd4 {[%clk 1:04:40]} 31. Ra3 {[%clk
0:34:14]} Qd6 {[%clk 1:04:44]} 0-1

[Event "DEM U12 2020"]
[Site "Willingen GER"]
[Date "2020.10.30"]
[Round "6"]
[White "Göpfert, Gregor"]
[Black "Torosyan, Bagrat"]
[Result "0-1"]
[Termination "normal"]
[Board "19"]
[WhiteElo "1603"]
[BlackElo "1634"]
[WhiteClock "00:51:42"]
[BlackClock "01:09:55"]
[PlyCount "38"]
[WhiteFideId "34603964"]
[BlackFideId "16258134"]
[EventCountry "GER"]
[EventRounds "7"]
[EventType "swiss"]
[EventDate "2020.10.26"]

1. e4 {[%clk 1:30:57]} e5 {[%clk 1:30:56]} 2. Nf3 {[%clk 1:31:22]} Nc6 {[%clk
1:31:15]} 3. Bc4 {[%clk 1:31:46]} Bc5 {[%clk 1:31:34]} 4. c3 {[%clk 1:32:09]}
Nf6 {[%clk 1:31:56]} 5. d3 {[%clk 1:32:35]} d6 {[%clk 1:32:14]} 6. b4 {[%clk
1:31:43]} Bb6 {[%clk 1:32:34]} 7. a4 {[%clk 1:31:33]} a5 {[%clk 1:31:03]} 8. b5
{[%clk 1:29:43]} Ne7 {[%clk 1:30:32]} 9. Qb3 {[%clk 1:29:40]} O-O {[%clk
1:30:03]} 10. h3 {[%clk 1:28:31]} Ng6 {[%clk 1:28:56]} 11. O-O {[%clk 1:26:51]}
h6 {[%clk 1:28:33]} 12. Re1 {[%clk 1:23:02]} Nh5 {[%clk 1:25:27]} 13. d4 {[%clk
1:13:26]} Qf6 {[%clk 1:22:36]} 14. dxe5 {[%clk 1:05:29]} dxe5 {[%clk 1:22:34]}
15. Qd1 {[%clk 1:02:13]} Rd8 {[%clk 1:20:23]} 16. Nbd2 {[%clk 1:01:18]} Ngf4
{[%clk 1:17:03]} 17. Bf1 {[%clk 0:57:07]} Qg6 {[%clk 1:13:25]} 18. Nh4 {[%clk
0:52:05]} Bxf2+ {[%clk 1:09:51]} 19. Kh1 {[%clk 0:51:42]} Bxh4 {[%clk 1:09:55]}
0-1

[Event "DEM U12 2020"]
[Site "Willingen GER"]
[Date "2020.10.30"]
[Round "6"]
[White "Schreidl, Michael"]
[Black "Guo, Jacob Tingshen"]
[Result "1/2-1/2"]
[Termination "normal"]
[Board "21"]
[WhiteElo "1640"]
[BlackElo "1551"]
[WhiteClock "00:01:04"]
[BlackClock "00:00:38"]
[PlyCount "87"]
[WhiteFideId "16265750"]
[BlackFideId "16245245"]
[EventCountry "GER"]
[EventRounds "7"]
[EventType "swiss"]
[EventDate "2020.10.26"]

1. e4 {[%clk 1:30:57]} c5 {[%clk 1:30:45]} 2. Nf3 {[%clk 1:31:24]} Nc6 {[%clk
1:31:10]} 3. d4 {[%clk 1:31:49]} cxd4 {[%clk 1:31:29]} 4. Nxd4 {[%clk 1:32:15]}
Nf6 {[%clk 1:31:47]} 5. Nc3 {[%clk 1:32:43]} e5 {[%clk 1:32:08]} 6. Ndb5 {[%clk
1:33:09]} d6 {[%clk 1:32:27]} 7. Bg5 {[%clk 1:33:33]} a6 {[%clk 1:32:26]} 8.
Na3 {[%clk 1:33:53]} b5 {[%clk 1:31:52]} 9. Nd5 {[%clk 1:34:19]} Be7 {[%clk
1:30:55]} 10. Bxf6 {[%clk 1:34:18]} Bxf6 {[%clk 1:31:15]} 11. c3 {[%clk
1:34:28]} Bg5 {[%clk 1:26:49]} 12. Nc2 {[%clk 1:33:35]} Rb8 {[%clk 1:22:38]}
13. Be2 {[%clk 1:26:26]} O-O {[%clk 1:19:47]} 14. Nce3 {[%clk 1:23:29]} Bxe3
{[%clk 1:11:14]} 15. Nxe3 {[%clk 1:23:51]} Kh8 {[%clk 1:09:27]} 16. Bg4 {[%clk
1:17:20]} Be6 {[%clk 1:01:27]} 17. h3 {[%clk 1:13:37]} g6 {[%clk 0:52:32]} 18.
Bf3 {[%clk 1:07:59]} Qd7 {[%clk 0:45:02]} 19. g4 {[%clk 0:49:56]} Ne7 {[%clk
0:34:27]} 20. Nd5 {[%clk 0:39:28]} f5 {[%clk 0:24:21]} 21. Nxe7 {[%clk
0:33:17]} Qxe7 {[%clk 0:23:45]} 22. gxf5 {[%clk 0:25:12]} gxf5 {[%clk 0:21:56]}
23. Qd2 {[%clk 0:22:48]} fxe4 {[%clk 0:17:07]} 24. Bxe4 {[%clk 0:23:12]} Bf5
{[%clk 0:16:34]} 25. Bxf5 {[%clk 0:22:53]} Rxf5 {[%clk 0:15:59]} 26. O-O-O
{[%clk 0:21:44]} Rd8 {[%clk 0:15:17]} 27. Rhe1 {[%clk 0:16:47]} Qf6 {[%clk
0:09:52]} 28. Re2 {[%clk 0:15:15]} d5 {[%clk 0:06:30]} 29. a3 {[%clk 0:09:52]}
d4 {[%clk 0:04:01]} 30. Qc2 {[%clk 0:04:27]} Rc8 {[%clk 0:03:11]} 31. Rd3
{[%clk 0:02:43]} Qg5+ {[%clk 0:01:20]} 32. Kb1 {[%clk 0:02:51]} Qg1+ {[%clk
0:01:30]} 33. Rd1 {[%clk 0:03:07]} Qg6 {[%clk 0:00:59]} 34. Qd3 {[%clk
0:00:53]} dxc3 {[%clk 0:00:43]} 35. bxc3 {[%clk 0:00:51]} Qf6 {[%clk 0:00:41]}
36. Rdd2 {[%clk 0:00:43]} Rf3 {[%clk 0:00:40]} 37. Qd7 {[%clk 0:00:43]} Qf5+
{[%clk 0:00:39]} 38. Qxf5 {[%clk 0:01:01]} Rxf5 {[%clk 0:01:03]} 39. Kc2 {[%clk
0:01:16]} Kg7 {[%clk 0:00:41]} 40. Re3 {[%clk 0:01:34]} Rcf8 {[%clk 0:00:48]}
41. Ree2 {[%clk 0:01:04]} R8f7 {[%clk 0:00:38]} 42. Kb3 Kg6 43. Kc2 Kg5 44. Kb3
1/2-1/2

[Event "DEM U12 2020"]
[Site "Willingen GER"]
[Date "2020.10.31"]
[Round "7"]
[White "Payyappat, Sreyas"]
[Black "Hoppstädter, Daniel"]
[Result "1-0"]
[Termination "normal"]
[Board "1"]
[WhiteElo "2144"]
[BlackElo "1712"]
[WhiteClock "01:06:40"]
[BlackClock "00:28:15"]
[PlyCount "51"]
[WhiteFideId "46674969"]
[BlackFideId "16243625"]
[EventCountry "GER"]
[EventRounds "7"]
[EventType "swiss"]
[EventDate "2020.10.26"]

1. e4 {[%clk 1:30:58]} c5 {[%clk 1:30:54]} 2. Nc3 {[%clk 1:31:23]} Nc6 {[%clk
1:30:50]} 3. f4 {[%clk 1:31:44]} e6 {[%clk 1:30:12]} 4. Nf3 {[%clk 1:31:24]} d5
{[%clk 1:28:21]} 5. Bb5 {[%clk 1:31:38]} a6 {[%clk 1:24:02]} 6. exd5 {[%clk
1:31:17]} exd5 {[%clk 1:22:13]} 7. Qe2+ {[%clk 1:29:56]} Be7 {[%clk 1:21:40]}
8. Bxc6+ {[%clk 1:30:00]} bxc6 {[%clk 1:22:07]} 9. O-O {[%clk 1:28:39]} Nh6
{[%clk 1:16:10]} 10. Re1 {[%clk 1:26:11]} Ra7 {[%clk 1:14:03]} 11. d4 {[%clk
1:18:24]} O-O {[%clk 1:12:27]} 12. Ne5 {[%clk 1:11:18]} Qc7 {[%clk 1:09:21]}
13. dxc5 {[%clk 1:09:57]} Bxc5+ {[%clk 1:08:08]} 14. Be3 {[%clk 1:10:03]} Bxe3+
{[%clk 1:07:04]} 15. Qxe3 {[%clk 1:10:23]} Rb7 {[%clk 1:05:25]} 16. Qc5 {[%clk
1:08:57]} Ng4 {[%clk 0:46:01]} 17. Nxc6 {[%clk 1:06:11]} Qxf4 {[%clk 0:46:00]}
18. g3 {[%clk 1:06:19]} Qh6 {[%clk 0:45:13]} 19. Re2 {[%clk 1:06:12]} Rc7
{[%clk 0:30:33]} 20. Nxd5 {[%clk 1:05:14]} Qxc6 {[%clk 0:28:49]} 21. Qxc6
{[%clk 1:05:39]} Rxc6 {[%clk 0:29:08]} 22. Ne7+ {[%clk 1:06:05]} Kh8 {[%clk
0:29:31]} 23. Nxc6 {[%clk 1:06:30]} Bb7 {[%clk 0:29:35]} 24. Ne5 {[%clk
1:06:48]} Nf6 {[%clk 0:28:22]} 25. Rd1 {[%clk 1:06:42]} Kg8 {[%clk 0:28:15]}
26. Nd7 {[%clk 1:06:40]} 1-0